Data structures and the Java collections framework (Record no. 6477)

000 -LEADER
fixed length control field 00595 a2200205 4500
010 ## - LIBRARY OF CONGRESS CONTROL NUMBER
LC control number 2001030694
020 ## - INTERNATIONAL STANDARD BOOK NUMBER
International Standard Book Number 0-07-236964-7
020 ## - INTERNATIONAL STANDARD BOOK NUMBER
International Standard Book Number 0-07-112184-6
035 ## - SYSTEM CONTROL NUMBER
System control number (DLC) 2001030694
040 ## - CATALOGING SOURCE
Original cataloging agency DLC
082 00 - DEWEY DECIMAL CLASSIFICATION NUMBER
Classification number 005.73
100 1# - MAIN ENTRY--PERSONAL NAME
Personal name Collins, William J.
245 10 - TITLE STATEMENT
Title Data structures and the Java collections framework
Statement of responsibility, etc. William J. Collins
250 ## - EDITION STATEMENT
Edition statement 1. ed.
260 ## - PUBLICATION, DISTRIBUTION, ETC.
Place of publication, distribution, etc. Boston :
Name of publisher, distributor, etc. McGraw-Hill,
Date of publication, distribution, etc. 2002
300 ## - PHYSICAL DESCRIPTION
Extent xx, 716 s. :
Other physical details ill. ;
Dimensions 24 cm.
650 #7 - SUBJECT ADDED ENTRY--TOPICAL TERM
Topical term or geographic name entry element Java (Computer program language)
650 #7 - SUBJECT ADDED ENTRY--TOPICAL TERM
Topical term or geographic name entry element Java (Computer programming languages)
942 ## - ADDED ENTRY ELEMENTS (KOHA)
Koha item type Book
Call number prefix 005.73 COL
Source of classification or shelving scheme
Holdings
Withdrawn status Lost status Damaged status Not for loan Collection code Permanent Location Current Location Shelving location Date acquired Source of acquisition Cost, normal purchase price Total Checkouts Full call number Barcode Date last seen Price effective from Koha item type
          Central Library (CL) Central Library (CL) First Floor - Operating System/ Data Structure 04/08/2002 Pak Book Corporation 1668.46   005.73 COL SEECS002012 11/14/2012 01/05/2017 Book
© 2023 Central Library, National University of Sciences and Technology. All Rights Reserved.